01007nam a22002537a 450000500170000000800410001702000180005804100080007604400070008408200150009111000990010624500710020526000670027630000360034350000520037950000250043150400290045665000580048565000630054365000480060665000360065470000310069070000320072120150708142943.0130726s2012 ck a gr 00010 spa d a97895884916770 aspa ack04a370bC75m52 aMinisterio de Ambiente y Desarrollo SosteniblebMinisterio de Ambiente y Desarrollo Sostenible10aMódulo gestión del riesgo y desarrollo territorial sostenible  aBogotábMinisterio de Ambiente y Desarrollo Sosteniblec2012 a96 p. : bil., mapas ; c28 cm. aDiplomado Gestión Ambiental del Riesgo - 2012 aGlosario : p. 86-91. aIncluye bibliografías. 4aEvaluación de riesgos ambientalesvEstudio de casos 4aManejo de cuencas hidrográficasxLegislaciónzColombia 4aDesastres naturalesxPrevenciónzColombia 4aDesarrollo sosteniblezColombia1 aEstupiñán, John, Fredy1 aRodriguez-Collazos, Orlando